Catálogo

Vista normal Vista MARC

Entrada Personal Name

Número de registros utilizados en: 1

001 - CONTROL NUMBER

  • control field: 17666

003 - CONTROL NUMBER IDENTIFIER

  • control field: DLC

005 - DATE AND TIME OF LATEST TRANSACTION

  • control field: 20251104113104.0

008 - FIXED-LENGTH DATA ELEMENTS

  • fixed length control field: 161128n| azannaabn |n aaa c

010 ## - LIBRARY OF CONGRESS CONTROL NUMBER

  • LC control number: no2016158499

035 ## - SYSTEM CONTROL NUMBER

  • System control number: (OCoLC)oca10641840

040 ## - CATALOGING SOURCE

  • Original cataloging agency: ItFiC
  • Language of cataloging: eng
  • Description conventions: rda
  • Transcribing agency: Mx-PuUPA
  • Modifying agency: Mx-PuUPA

100 1# - HEADING--PERSONAL NAME

  • Personal name: Giustozzi, Gianfilippo,

372 ## - FIELD OF ACTIVITY

  • Field of activity: Cristianismo
  • Source of term: lcsh

374 ## - OCCUPATION

  • Occupation: Sacerdote
  • Occupation: Autor
  • Source of term: lcsh

375 ## - GENDER

  • Gender: hombre

377 ## - ASSOCIATED LANGUAGE

  • Language code: ita

670 ## - SOURCE DATA FOUND

  • Source citation: Pierre Teilhard de Chardin, 2016:
  • Information found: t.p. (Gianfilippo Giustozzi) p. 4 of cover (priest of the diocese of Fermo; teaches philosophy of religions at the Istituto teologico Marchigiano of Fermo, Italy and history of philosophy at the Istituto superiore di scienze religiose G. Toniolo, Pescara, Italy)